<?xml version="1.0" encoding="UTF-8"?><?xml-stylesheet type="text/xsl" href="static/style.xsl"?><OAI-PMH xmlns="http://www.openarchives.org/OAI/2.0/" xmlns:xsi="http://www.w3.org/2001/XMLSchema-instance" xsi:schemaLocation="http://www.openarchives.org/OAI/2.0/ http://www.openarchives.org/OAI/2.0/OAI-PMH.xsd"><responseDate>2026-06-29T02:38:37Z</responseDate><request verb="GetRecord" identifier="oai:docta.ucm.es:20.500.14352/114174" metadataPrefix="marc">https://docta.ucm.es/rest/oai/request</request><GetRecord><record><header><identifier>oai:docta.ucm.es:20.500.14352/114174</identifier><datestamp>2025-03-18T14:02:42Z</datestamp><setSpec>com_20.500.14352_14</setSpec><setSpec>col_20.500.14352_15</setSpec></header><metadata><record xmlns="http://www.loc.gov/MARC21/slim" xmlns:dcterms="http://purl.org/dc/terms/" xmlns:xsi="http://www.w3.org/2001/XMLSchema-instance" xmlns:doc="http://www.lyncode.com/xoai" xsi:schemaLocation="http://www.loc.gov/MARC21/slim http://www.loc.gov/standards/marcxml/schema/MARC21slim.xsd">
   <leader>00925njm 22002777a 4500</leader>
   <datafield ind2=" " ind1=" " tag="042">
      <subfield code="a">dc</subfield>
   </datafield>
   <datafield ind2=" " ind1=" " tag="720">
      <subfield code="a">Relaño Pastor, Eugenia</subfield>
      <subfield code="e">author</subfield>
   </datafield>
   <datafield ind2=" " ind1=" " tag="260">
      <subfield code="c">2018-01-30</subfield>
   </datafield>
   <datafield ind2=" " ind1=" " tag="520">
      <subfield code="a">Desde los ataques en las oficinas de Charlie Hebdo, en enero de 2015, la islamofobia no ha dejado de aumentar en los diferentes sectores de la sociedad: en el ámbito educativo, en
el acceso al empleo, a la vivienda y en la participación en los asuntos públicos. Los tribunales supranacionales europeos, tanto el Tribunal de Justicia de la Unión Europea (TJUE) como el Tribunal Europeo de Derechos Humanos (TEDH) se han visto también influidos por la acusada tendencia general de rechazo hacia “lo musulmán”. En la primera parte, este artículo analizara el concepto y las diferentes manifestaciones del término “islamofobia” en Europa. Y, en la segunda parte, se examinará como determinados prejuicios islamófobos han justificado la limitación del ejercicio del derecho de libertad religiosa, en concreto de las mujeres musulmanas, en la jurisprudencia de los dos tribunales supranacionales europeos</subfield>
   </datafield>
   <datafield ind1="8" ind2=" " tag="024">
      <subfield code="a">Relano Pastor, Eugenia “Prejuicios islamófobos en los Tribunales supranacionales europeos”, Journal of the Sociology and Theory of Religion (JSTR), 7 (2018): 50-77</subfield>
   </datafield>
   <datafield ind1="8" ind2=" " tag="024">
      <subfield code="a">10.24197/jstr.0.2018.50-77</subfield>
   </datafield>
   <datafield ind1="8" ind2=" " tag="024">
      <subfield code="a">https://hdl.handle.net/20.500.14352/114174</subfield>
   </datafield>
   <datafield ind1="8" ind2=" " tag="024">
      <subfield code="a">2255-2715</subfield>
   </datafield>
   <datafield ind1="8" ind2=" " tag="024">
      <subfield code="a">https://revistas.uva.es/index.php/socireli/article/view/1896</subfield>
   </datafield>
   <datafield ind2="0" ind1="0" tag="245">
      <subfield code="a">Prejuicios islamófobos en los tribunales supranacionales europeos</subfield>
   </datafield>
</record></metadata></record></GetRecord></OAI-PMH>